000 00835nam a2200217Ia 4500
003 IN-BaIIA
008 211028s9999 xx 000 0 eng d
040 _cIIA Library
080 _a083.8:520.44
_bHEN-3
100 _aHenze, William
_918865
245 0 _aUltraviolet spectrometer and polarimeter (UVSP) catalog of observations; vol. 3
_bexperiments 63058-99771 (February 1988 - November 1989)
_cWilliam Henze
260 _aWashington
_bNational Aeronautics and Space Administration
_c1993
300 _aiii, 1583-2473p.
490 _aNASA contractor report; 4529
650 _aAstronomy and Astrophysics Thesaurus
650 _aCatalogue-UVSP
_918866
650 _aPolarimeter
_918867
650 _aUltraviolet spectrometer
_918868
650 _aUVSP Catalogue
_918869
942 _cBK
999 _c11023
_d11023